Least Populous First-Level Administrative Subdivisions - Statistics

General Stats
  • This quiz has been taken 5 times
  • The average score is 3 of 111
Answer Stats
Country Answer Population % Correct
Nauru Yaren 747
60%
Palau Angaur 119
40%
Australia Cocos Islands 547
40%
Marshall Islands Ailuk 235
20%
Iceland Dalabyggð 633
20%
Slovenia Dobje 968
20%
Marshall Islands Ebon 469
20%
Palau Hatohobei 25
20%
Marshall Islands Kili-Bikini-Ejit 415
20%
Palau Peleliu 484
20%
United Kingdom Pitcairn Islands 47
20%
Palau Sonsorol 40
20%
Iceland Svalbarðsstrandarhreppur 432
20%
Bahamas Acklins 565
0%
Mauritius Agaléga 330
0%
Palau Aimeliik 334
0%
Nauru Anabar 452
0%
Nauru Anetan 587
0%
Nauru Anibare 226
0%
Iceland Árneshreppur 37
0%
Iceland Ásahreppur 222
0%
Marshall Islands Aur 317
0%
Nauru Baitsi 513
0%
Bahamas Berry Islands 807
0%
Bahamas Black Point 414
0%
Nauru Boe 851
0%
Iceland Bolungarvík 929
0%
Nauru Buada 739
0%
Bahamas Central Andros 662
0%
Bahamas Crooked Island 330
0%
Marshall Islands Enewetok-Ujelang 296
0%
Nauru Ewa 446
0%
Iceland Eyja- og Miklaholtshreppur 110
0%
Iceland Fljótsdalshreppur 90
0%
Iceland Flóahreppur 661
0%
Bahamas Grand Cay 383
0%
Bahamas Green Turtle Cay 595
0%
Iceland Grímsnes- og Grafningshreppur 569
0%
Iceland Grundarfjarðarbær 842
0%
Iceland Grýtubakkahreppur 371
0%
Slovenia Hodoš 375
0%
Bahamas Hope Town 691
0%
Iceland Hörgársveit 619
0%
Iceland Hrunamannahreppur 781
0%
Iceland Hvalfjarðarsveit 637
0%
Nauru Ijuw 178
0%
Bahamas Inagua 913
0%
Marshall Islands Jabat Island 75
0%
Azerbaijan Jabrayil 420
0%
Australia Jervis Bay Territory 405
0%
Slovenia Jezersko 634
0%
Iceland Kaldrananeshreppur 109
0%
Palau Kayangel 54
0%
Iceland Kjósarhreppur 274
0%
Slovenia Kobilje 590
0%
Slovenia Kostel 644
0%
Marshall Islands Lae 133
0%
Iceland Langanesbyggð 588
0%
Marshall Islands Lib Island 156
0%
Marshall Islands Likiep 288
0%
Marshall Islands Maloelap 395
0%
Bahamas Mangrove Cay 892
0%
Bahamas Mayaguana 277
0%
Marshall Islands Mejit Island 230
0%
Palau Melekeok 277
0%
Marshall Islands Mili 497
0%
Bahamas Moore’s Island 593
0%
Iceland Mýrdalshreppur 729
0%
Marshall Islands Namorik 299
0%
Marshall Islands Namu 525
0%
Tuvalu Nanumanga 491
0%
Tuvalu Nanumea 512
0%
Palau Ngaraard 413
0%
Palau Ngarchelong 316
0%
Palau Ngardmau 185
0%
Palau Ngatpang 282
0%
Palau Ngchesar 291
0%
Palau Ngeremlengui 350
0%
Palau Ngiwal 282
0%
Nauru Nibok 484
0%
Tuvalu Niulakita 34
0%
Tuvalu Niutao 582
0%
Tuvalu Nui 610
0%
Tuvalu Nukufetau 597
0%
Tuvalu Nukulaelae 300
0%
Slovenia Osilnica 396
0%
Seychelles Outer Islands 503
0%
Liechtenstein Planken 473
0%
Bahamas Ragged Island 72
0%
Monaco Ravin de Sainte-Dévote Unknown
0%
Iceland Reykhólahreppur 245
0%
Marshall Islands Rongelap 0
0%
Bahamas Rum Cay 99
0%
Mauritius Saint Brandon 40
0%
Bahamas San Salvador 940
0%
Iceland Skaftárhreppur 560
0%
Iceland Skagabyggð 89
0%
Iceland Skagaströnd 460
0%
Iceland Skeiða- og Gnúpverjahreppur 533
0%
Iceland Skorradalshreppur 77
0%
Slovenia Solčava 518
0%
Iceland Strandabyggð 416
0%
Iceland Súðavík 189
0%
Iceland Tálknafjarðarhreppur 252
0%
Iceland Tjörneshreppur 53
0%
Nauru Uaboe 318
0%
Marshall Islands Ujae 310
0%
Marshall Islands Utirik 264
0%
Iceland Vopnafjarðarhreppur 635
0%
Marshall Islands Wotho 88
0%
Marshall Islands Wotje 816
0%
No matching quizzes found
Score Distribution
Percent of People with Each Score
Percentile by Number Answered
Your Score History
You have not taken this quiz